Library Logo

Pioneer International University Library Catalogue

Train to Pakistan / (Record no. 9494)

MARC details
000 -LEADER
fixed length control field 01002cam a2200313 a 4500
001 - CONTROL NUMBER
control field 3716238
003 - CONTROL NUMBER IDENTIFIER
control field OSt
005 - DATE AND TIME OF LATEST TRANSACTION
control field 20250901165816.0
008 - FIXED-LENGTH DATA ELEMENTS--GENERAL INFORMATION
fixed length control field 810224t19811956nyu 000 1 eng
010 ## - LIBRARY OF CONGRESS CONTROL NUMBER
LC control number 80008920
020 ## - INTERNATIONAL STANDARD BOOK NUMBER
International Standard Book Number 0394178874 (pbk.)
040 ## - CATALOGING SOURCE
Original cataloging agency DLC
Transcribing agency DLC
Modifying agency DLC
050 10 - LIBRARY OF CONGRESS CALL NUMBER
Classification number PR9499.3.S53 2016
082 00 - DEWEY DECIMAL CLASSIFICATION NUMBER
Classification number 823
Edition information 19
100 0# - MAIN ENTRY--PERSONAL NAME
Personal name Khushwant Singh,
Dates associated with a name 1915-2014.
240 10 - UNIFORM TITLE
Uniform title Mano Majra
245 10 - TITLE STATEMENT
Title Train to Pakistan /
Statement of responsibility, etc. by Khushwant Singh.
250 ## - EDITION STATEMENT
Edition statement 1st rev. Black cat ed. /
Remainder of edition statement with a new introduction by Arthur Lall.
260 ## - PUBLICATION, DISTRIBUTION, ETC.
Place of publication, distribution, etc. New York :
Name of publisher, distributor, etc. Grove Press :
-- Distributed by Random House,
Date of publication, distribution, etc. 1981, c1956.
300 ## - PHYSICAL DESCRIPTION
Extent 181 p. ;
Dimensions 18 cm.
500 ## - GENERAL NOTE
General note "A Grove Press outrider book."
650 #0 - SUBJECT ADDED ENTRY--TOPICAL TERM
Topical term or geographic name entry element Political violence
Form subdivision Fiction.
651 #0 - SUBJECT ADDED ENTRY--GEOGRAPHIC NAME
Geographic name India
General subdivision History
Chronological subdivision Partition, 1947
Form subdivision Fiction.
651 #0 - SUBJECT ADDED ENTRY--GEOGRAPHIC NAME
Geographic name Pakistan
Form subdivision Fiction.
655 #7 - INDEX TERM--GENRE/FORM
Genre/form data or focus term Historical fiction.
Source of term gsafd
655 #7 - INDEX TERM--GENRE/FORM
Genre/form data or focus term Political fiction.
Source of term lcsh
906 ## - LOCAL DATA ELEMENT F, LDF (RLIN)
a 7
b cbc
c orignew
d 1
e ocip
f 19
g y-gencatlg
942 ## - ADDED ENTRY ELEMENTS (KOHA)
Source of classification or shelving scheme Library of Congress Classification
Koha item type Books
Holdings
Withdrawn status Lost status Source of classification or shelving scheme Damaged status Not for loan Collection Home library Current library Shelving location Date acquired Source of acquisition Total checkouts Full call number Barcode Date last seen Copy number Price effective from Koha item type
    Library of Congress Classification       Main Library Main Library   03/21/2025 Donation from KICD   PR9499.3.S53 2016 PIUD0000383 03/28/2025 1 03/28/2025 Books
    Library of Congress Classification       Main Library Main Library   03/21/2025 Donation from KICD   PR9499.3.S53 2016 PIUD0000384 03/28/2025 2 03/28/2025 Books